00614nam a2200193Ia 4500003000900000008004100009040001600050080001200066100002500078245007900103260003900182300001000221650002800231650003000259650002100289942000700310999001500317952008800332IN-BaIIA211028s9999 xx 000 0 eng d cIIA Library a50bALF aAlfven, Hannes94462 0aAtom, man and the universebthe long chain of complicationscHannes Alfven aSan FranciscobW. H. Freemanc1969 a110p. a General science98505 a Science-General 98506 aNASA Thesaurus  cBK c4783d4783 00104070aBANbBANcGENd1975-11-04l0o50/ ALFp5349r2021-11-05w1975-11-04yBK